Visualizzazione normale
Vista MARC
- DRAMMATICO
di Topical Term
Records bibliografici associati: 1
001 - CONTROL NUMBER
- control field: 46355
003 - CONTROL NUMBER IDENTIFIER
- control field: IT-RoPau
005 - DATE AND TIME OF LATEST TRANSACTION
- control field: 20151130145439.0
008 - FIXED-LENGTH DATA ELEMENTS
- fixed length control field: 151130|| aca||aabn | a|a d
040 ## - CATALOGING SOURCE
- Original cataloging agency: IT-RoPau
- Transcribing agency: IT-RoPau
150 ## - HEADING--TOPICAL TERM
- Topical term or geographic name entry element: DRAMMATICO
- : PELLICOLE CINEMA [16 MM]
- General subdivision: Codice MATERIA SPICS: 9955
670 ## - SOURCE DATA FOUND
- Source citation: Work cat.: (IT-RoPau)106340: Pasolini Pier Paolo Codice regista SPICS: 2843 37065, MEDEA MEDEA (Rif. Codice opera principale : V0819)